000
00309nam a22001337a 4500
020
_a
9789698109035
040
_c
NUST
082
_a
891.4391 PAR
100
_a
Parveen, Shakir
_9
13853
245
_a
Khud Kalami
260
_a
Lahore:
_b
Jahangir books,
_c
2010.
650
_a
Urdu poetry
_9
751
942
_2
ddc
_c
BK
999
_c
594341
_d
594341